All Taylor Swift Songs Exact (Updated At Any New Release) - Statistics

General Stats
  • This quiz has been taken 15 times
    8 since last reset
  • The average score is 66 of 322
Answer Stats
Hint Answer % Correct
Taylor Swift 11. Our Song
100%
Taylor Swift Deluxe 13. Invisible
83%
Taylor Swift 9. Should've Said No
83%
Taylor Swift 1. Tim McGraw
83%
Taylor Swift Deluxe 14. A Perfectly Good Heart
67%
Taylor Swift 4. A Place in This World
67%
Taylor Swift 5. Cold As You
67%
Fearless 1. Fearless
67%
Taylor Swift Deluxe 12. I'm Only Me When I'm With You
67%
Taylor Swift 10. Mary's Song (Oh My My My)
67%
Taylor Swift 2. Picture To Burn
67%
Taylor Swift 8. Stay Beautiful
67%
Taylor Swift 3. Teardrops on my Guitar
67%
Taylor Swift 6. The Outside
67%
Taylor Swift 7. Tied Together With a Smile
67%
Fearless 5. White Horse
67%
The Taylor Swift Holiday Collection 2. Christmases When You Were Mine
50%
The Taylor Swift Holiday Collection 5. Christmas Must Be Something More
50%
Fearless 2. Fifteen
50%
Fearless 4. Hey Stephen
50%
The Taylor Swift Holiday Collection 1. Last Christmas
50%
Fearless 3. Love Story
50%
The Taylor Swift Holiday Collection 3. Santa Baby
50%
The Taylor Swift Holiday Collection 4. Silent Night
50%
The Taylor Swift Holiday Collection 6. White Christmas
50%
Fearless 6. You Belong With Me
50%
The Life of a Showgirl 7. Actually Romantic
33%
Red 5. All Too Well
33%
Midnights 3. Anti-Hero
33%
folklore 8. August
33%
folklore 14. Betty
33%
1989 2. Blank Space
33%
The Tortured Poets Department 6. But Daddy I Love Him
33%
reputation 14. Call It What You Want
33%
The Life of a Showgirl 10. CANCELLED!
33%
folklore 2. Cardigan
33%
evermore 2. Champagne Problems
33%
Fearless 13. Change
33%
The Tortured Poets Department: The Anthology 20. Chloe or Sam or Sophia or Marcus
33%
Singles/Other* 2019 Christmas Tree Farm
33%
evermore 11. Cowboy Like Me
33%
Lover 18. Daylight
33%
reputation 5. Delicate
33%
reputation 4. Don't Blame Me
33%
Fearless (Taylor's Version) 25. Don't You
33%
The Tortured Poets Department 4. Down Bad
33%
reputation 12. Dress
33%
The Life of a Showgirl 5. Eldest Daughter
33%
The Life of a Showgirl 2. Elizabeth Taylor
33%
folklore 13. Epiphany
33%
The Life of a Showgirl 4. Father Figure
33%
The Tortured Poets Department 7. Fresh Out the Slammer
33%
reputation 8. Gorgeous
33%
The Tortured Poets Department 9. Guilty As Sin?
33%
Speak Now 12. Haunted
33%
Midnights Lavender Edition 14. Hits Different
33%
The Life of a Showgirl 11. Honey
33%
The Tortured Poets Department: The Anthology 21. How Did It End?
33%
The Tortured Poets Department 13. I Can Do It with a Broken Heart
33%
The Tortured Poets Department 11. I Can Fix Him (No Really I Can)
33%
reputation 3. I Did Something Bad
33%
Lover 1. I Forgot That You Existed
33%
The Tortured Poets Department: The Anthology 23. I Hate It Here
33%
1989 12. I Know Places
33%
The Tortured Poets Department: The Anthology 18. imgonnagetyouback
33%
1989 (Taylor's Version) 24. Is It Over Now?
33%
Lover 17. It's Nice To Have A Friend
33%
Midnights 11. Karma
33%
Speak Now 13. Last Kiss
33%
The Tortured Poets Department 12. Loml
33%
Lover 11. London Boy
33%
evermore 12. Long Story Short
33%
reputation 6. Look What You Made Me Do
33%
Lover 3. Lover
33%
Midnights 13. Mastermind
33%
Red (Taylor's Version) 27. Message in a Bottle
33%
folklore 6. Mirrorball
33%
Fearless (Taylor's Version) 22. Mr. Perfectly Fine
33%
The Tortured Poets Department 3. My Boy Only Breaks His Favorite Toy
33%
reputation 15. New Year's Day
33%
The Life of a Showgirl 3. Opalite
33%
1989 4. Out of the Woods
33%
The Tortured Poets Department: The Anthology 28. Peter
33%
reputation 1. ...Ready for It?
33%
Red 2. Red
33%
The Tortured Poets Department: The Anthology 30. Robin
33%
The Life of a Showgirl 6. Ruin the Friendship
33%
Red 12. Sad Beautiful Tragic
33%
1989 6. Shake It Off
33%
The Tortured Poets Department: The Anthology 22. So High School
33%
reputation 7. So It Goes...
33%
The Tortured Poets Department 5. So Long, London
33%
Speak Now 4. Speak Now
33%
Red 15. Starlight
33%
1989 3. Style
33%
1989 (Taylor's Version) 23. Suburban Legends
33%
Speak Now Deluxe 17. Superman
33%
Fearless 8. Tell Me Why
33%
The Tortured Poets Department: The Anthology 24. Thank You Aimee
33%
folklore 1. The 1
33%
The Tortured Poets Department: The Anthology 19. The Albatross
33%
The Tortured Poets Department 15. The Alchemy
33%
The Tortured Poets Department: The Anthology 17. The Black Dog
33%
The Tortured Poets Department: The Anthology 29. The Bolter
33%
The Life of a Showgirl 1. The Fate of Ophelia
33%
Lover 4. The Man
33%
The Tortured Poets Department: The Anthology 31. The Manuscript
33%
The Tortured Poets Department 2. The Tortured Poets Department
33%
Fearless 10. The Way I Loved You
33%
folklore 9. This Is Me Trying
33%
1989 11. This Love
33%
The Tortured Poets Department 10. Who's Afraid of Little Old Me?
33%
1989 9. Wildest Dreams
33%
evermore 1. Willow
33%
1989 Deluxe 14. Wonderland
33%
The Life of a Showgirl 9. Wood
33%
Midnights Late Night Edition 26. You're Losing Me
33%
Fearless 9. You're Not Sorry
33%
Red 6. 22
17%
Lover 15. Afterglow
17%
Singles/Other* 2023 All Of The Girls You Loved Before
17%
Red (Taylor's Version) 32. All Too Well (10 Minute Version)
17%
1989 5. All You Had to Do Was Stay
17%
Red (Taylor's Version) 26. Babe
17%
Speak Now 3. Back to December
17%
1989 8. Bad Blood
17%
Beautiful Eyes* 1. Beautiful Eyes TS
17%
Red 16. Begin Again
17%
Midnights 9. Bejeweled
17%
Red (Taylor's Version) 24. Better Man
17%
Speak Now 10. Better Than Revenge
17%
Midnights 3am Edition 18. Bigger Than the Whole Sky
17%
Fearless (Taylor's Version) 26. Bye Bye Baby
17%
The Tortured Poets Department 16. Clara Bow
17%
1989 13. Clean
17%
evermore 14. Closure
17%
Red Deluxe 18. Come Back... Be Here
17%
Fearless Platinum Edition 17. Come In With The Rain
17%
Lover 9. Cornelia Street
17%
Lover 2. Cruel Summer
17%
reputation 11. Dancing with Our Hands Tied
17%
Speak Now 5. Dear John
17%
Midnights 3am Edition 23. Dear Reader
17%
Lover 10. Death by a Thousand Cuts
17%
evermore 8. Dorothea
17%
Speak Now 9. Enchanted
17%
Appearing In Movies* 2012 Eyes Open (The Hunger Games)
17%
Lover 13. False God
17%
Speak Now (Taylor's Version) 25. Foolish One
17%
Red (Taylor's Version) 29. Forever Winter
17%
reputation 9. Getaway Car
17%
Red Deluxe 19. Girl at Home
17%
Midnights 3am Edition 21. Glitch
17%
evermore 3. Gold Rush
17%
evermore 7. Happiness
17%
Midnights 3am Edition 20. High Infidelity
17%
folklore 16. Hoax
17%
Red 11. Holy Ground
17%
1989 10. How You Get The Girl
17%
Red 7. I Almost Do
17%
Speak Now (Taylor's Version) 23. I Can See You
17%
Speak Now Deluxe 16. If This Was a Movie
17%
Beautiful Eyes* 6. I Heart? TS
17%
Red 4. I Knew You Were Trouble
17%
folklore 10. Illicit Affairs
17%
The Tortured Poets Department: The Anthology 25. I Look In People's Windows
17%
Speak Now 11. Innocent
17%
folklore 11. Invisible String
17%
Lover 6. I Think He Knows
17%
evermore Deluxe 17. It's Time To Go
17%
evermore 10. Ivy
17%
1989 7. I Wish You Would
17%
Fearless Platinum Edition 14. Jump Then Fall
17%
reputation 10. King of My Heart
17%
Midnights 10. Labyrinth
17%
Speak Now 14. Long Live
17%
folklore 12. Mad Woman
17%
evermore 13. Marjorie
17%
Midnights 2. Maroon
17%
Speak Now 6. Mean
17%
Midnights 6. Midnight Rain
17%
Speak Now 1. Mine
17%
folklore 5. My Tears Ricochet
17%
Unreleased Need
17%
Speak Now 8. Never Grow Up
17%
1989 Deluxe 16. New Romantics
17%
1989 (Taylor's Version) 22. Now That We Don't Talk
17%
Speak Now Deluxe 15. Ours SN
17%
Lover 8. Paper Rings
17%
Midnights 3am Edition 19. Paris
17%
folklore 15. Peace
17%
Midnights 7. Question...?
17%
evermore Deluxe 16. Right Where You Left Me
17%
Red (Taylor's Version) 23. Ronan
17%
1989 (Taylor's Version) 21. Say Don't Go
17%
folklore 7. Seven
17%
1989 (Taylor's Version) 20. Slut!
17%
Speak Now 2. Sparks Fly
17%
Red 1. State of Grace
17%
Red 9. Stay Stay Stay
17%
Fearless Platinum Edition 18. Superstar
17%
Midnights 12. Sweet Nothing
17%
Lover 5. The Archer
17%
Fearless 12. The Best Day
17%
Midnights 3am Edition 17. The Great War
17%
folklore Deluxe 17. The Lakes
17%
folklore 3. The Last Great American Dynasty
17%
Red 13. The Lucky One
17%
Red Deluxe 17. The Moment I Knew
17%
Fearless Platinum Edition 19. The Other Side of the Door
17%
The Tortured Poets Department: The Anthology 26. The Prophecy
17%
Speak Now 7. The Story of Us
17%
Red (Taylor's Version) 31. The Very First Night
17%
reputation 13. This Is Why We Can't Have Nice Things
17%
Speak Now (Taylor's Version) 26. Timeless
17%
evermore 4. 'Tis the Damn Season
17%
Fearless (Taylor's Version) 20. Today Was a Fairytale
17%
evermore 5. Tolerate It
17%
Red 3. Treacherous
17%
Fearless Platinum Edition 15. Untouchable
17%
Midnights 8. Vigilante Shit
17%
Red 8. We Are Never Ever Getting Back Together
17%
1989 1. Welcome to New York
17%
Fearless (Taylor's Version) 23. We Were Happy
17%
Speak Now (Taylor's Version) 22. When Emma Falls In Love
17%
The Life of a Showgirl 8. Wi$h Li$t
17%
Midnights 3am Edition 22. Would've, Could've, Should've
17%
1989 Deluxe 15. You Are in Love
17%
Lover 14. You Need To Calm Down
17%
Midnights 5. You're On Your Own, Kid
17%
Featuring In/Collaborations* 2022 Anti-Hero (Bleachers)
0%
Featuring In/Collaborations* 2018 Babe (Sugarland)
0%
Speak Now Deluxe 18. Back to December (Acoustic)
0%
1989 (Taylor's Version) Deluxe 26. Bad Blood (feat. Kendrick Lamar
0%
Unreleased Battle (Let's Go)
0%
Appearing In Movies* 2019 Beautiful Ghosts (Cats)
0%
Songwriting* 2009 Bein' With My Baby (Shea Fisher)
0%
Songwriting* 2008 Best Days of Your Life (Kellie Pickler)
0%
Songwriting* 2021 Better Man (Little Big Town)
0%
Featuring In/Collaborations* 2021 Birch (Big Red Machine)
0%
1989 Deluxe 19. Blank Space (Guitar/Vocal Voice Memo)
0%
Featuring In/Collaborations* 2012 Both of Us (B.O.B.)
0%
Fearless 7. Breathe (feat. Colbie Caillat)
0%
The Tortured Poets Department: The Anthology Physical 34. But Daddy I Love Him (Acoustic)
0%
Appearing In Movies* 2022 Carolina (Where The Crawdads Sing)
0%
The Tortured Poets Department: The Anthology 27. Cassandra
0%
Speak Now (Taylor's Version) 24. Castles Crumbling (feat. Hayley Williams)
0%
evermore 9. Coney Island (feat. The National)
0%
Appearing In Movies* 2009 Crazier (Hannah Montana: The Movie)
0%
Unreleased Dark Blue Tennessee
0%
Unreleased Didn't They
0%
The Tortured Poets Department: The Anthology Physical 33. Down Bad (Acoustic)
0%
Unreleased Drama Queen
0%
Speak Now (Taylor's Version) 21. Electric Touch (feat. Fall Out Boy)
0%
reputation 2. End Game (feat. Ed Sheeran & Future)
0%
evermore 15. Evermore (feat. Bon Iver)
0%
Red 14. Everything Has Changed (feat. Ed Sheeran)
0%
folklore 4. Exile (feat. Bon Iver)
0%
The Tortured Poets Department 8. Florida!!! (feat. Florence and the Machine)
0%
Fearless 11. Forever & Always
0%
Fearless Platinum Edition 16. Forever & Always (Piano Version)
0%
The Tortured Poets Department 1. Fortnight (feat. Post Malone
0%
The Tortured Poets Department: The Anthology Physical 32. Fortnight (feat. Post Malone, Acoustic)
0%
Featuring In/Collaborations* 2021 Gasoline (HAIM)
0%
The Tortured Poets Department: The Anthology Physical 35. Guilty as Sin? (Acoustic)
0%
Featuring In/Collaborations* 2010 Half of My Heart (John Mayer)
0%
Speak Now Deluxe 19. Haunted (Acoustic)
0%
Featuring In/Collaborations* 2013 Highway Don't Care (Tim McGraw & Keith Urban)
0%
Red (Taylor's Version) 28. I Bet You Think About Me (feat. Chris Stapleton)
0%
Unreleased I'd Lie
0%
Appearing In Movies* 2016 I Don't Wanna Live Forever (Fifty Shades Darker)
0%
Lover Deluxe 19. I Forgot That You Existed (Piano/Vocal
0%
1989 Deluxe 17. I Know Places (Piano/Vocal Voice Memo)
0%
Beautiful Eyes* 5. I'm Only Me When I'm With You TS
0%
1989 Deluxe 18. I Wish You Would (Track/Vocal Voice Memo)
0%
Midnights Til Dawn Edition 25. Karma (feat. Ice Spice)
0%
Midnights 1. Lavender Haze
0%
Featuring In/Collaborations* 2012 Long Live (Paula Fernandes)
0%
Lover Deluxe 20. Lover (Piano/Vocal)
0%
Featuring In/Collaborations* 2019 Lover (Shawn Mendes)
0%
Fearless (Taylor's Version) 27. Love Story (Elvira Remix)
0%
Appearing In Movies* 2019 Macavity (Cats)
0%
Lover 16. ME! (feat. Brendon Urie of Panic! at the Disco)
0%
Speak Now Deluxe 20. Mine (Pop Mix)
0%
Lover 7. Miss Americana & the Heartbreak Prince
0%
Parody/Skits* SNL 2009 Monologue Song
0%
evermore 6. No Body, No Crime (feat. Haim)
0%
Red (Taylor's Version) 25. Nothing New (feat. Phoebe Bridgers)
0%
Appearing In Movies* 2020 Only The Young (Miss Americana)
0%
Songwriting* 2010 Permanent Marker (Mary Sarah)
0%
Beautiful Eyes* 4. Picture To Burn TS
0%
Red Deluxe 21. Red (Original Demo Recording)
0%
Featuring In/Collaborations* 2021 Renegade (Big Red Machine)
0%
Red (Taylor's Version) 30. Run (feat. Ed Sheeran)
0%
Featuring In/Collaborations* 2023 Safe & Sound (Taylor's Version) (Joy Williams and John Paul White)
0%
Appearing In Movies* 2011 Safe & Sound (The Hunger Games)
0%
Beautiful Eyes* 2. Should've Said No TS
0%
Midnights 4. Snow on the Beach (feat. Lana Del Rey)
0%
Midnights Til Dawn Edition 24. Snow on the Beach (feat. More Lana Del Rey)
0%
Lover 12. Soon You'll Get Better (feat. the Chicks)
0%
Red Deluxe 22. State of Grace (Acoustic)
0%
Appearing In Movies* 2013 Sweeter Than Fiction (One Chance)
0%
1989 (Taylor's Version) Tangerine Edition* 25. Sweeter than Fiction (Taylor's Version)
0%
Midnights Lavender Edition 16. Sweet Nothing (Piano remix)
0%
Taylor Swift Deluxe 15. Taylor's 1st Phone Call With Tim McGraw
0%
Beautiful Eyes* 3. Teardrops on my Guitar TS
0%
Fearless (Taylor's Version) 24. That's When (feat. Keith Urban)
0%
Featuring In/Collaborations* 2023 The Alcott (The National)
0%
Featuring In/Collaborations* 2021 The Joker And The Queen (Ed Sheeran)
0%
Red 10. The Last Time (feat. Gary Lightbody of Snow Patrol
0%
The Life of a Showgirl 12. The Life of a Showgirl (feat. Sabrina Carpenter)
0%
The Tortured Poets Department 14. The Smallest Man That Ever Lived
0%
Songwriting* 2007 This Is Really Happening (Britni Hoover)
0%
Songwriting* 2016 This Is What You Came For (Calvin Harris & Rihanna)
0%
Parody/Skits* SNL 2021 Three Sad Virgins (Pete Davidson)
0%
Parody/Skits* 2009 CMT MA Thug Story (T-Pain)
0%
Red Deluxe 20. Treacherous (Original Demo Recording)
0%
Featuring In/Collaborations* 2009 Two Is Better Than One (Boys like Girls)
0%
Featuring In/Collaborations* 2024 us. (Gracie Abrams)
0%
Fearless (Taylor's Version) 21. You All Over Me (feat. Marren Morris)
0%
Songwriting* 2009 You'll Always Find Your Way Back Home (Miley Cyrus)
0%
Midnights Lavender Edition 15. You're On Your Own, Kid (Strings remix)
0%
No matching quizzes found
Score Distribution
Percent of People with Each Score
Percentile by Number Answered
Your Score History
You have not taken this quiz since the last reset